<?xml version="1.0" encoding="UTF-8"?><?xml-stylesheet type="text/xsl" href="static/style.xsl"?><OAI-PMH xmlns="http://www.openarchives.org/OAI/2.0/" xmlns:xsi="http://www.w3.org/2001/XMLSchema-instance" xsi:schemaLocation="http://www.openarchives.org/OAI/2.0/ http://www.openarchives.org/OAI/2.0/OAI-PMH.xsd"><responseDate>2026-06-29T01:20:34Z</responseDate><request verb="GetRecord" identifier="oai:docta.ucm.es:20.500.14352/120282" metadataPrefix="marc">https://docta.ucm.es/rest/oai/request</request><GetRecord><record><header><identifier>oai:docta.ucm.es:20.500.14352/120282</identifier><datestamp>2025-05-21T00:10:44Z</datestamp><setSpec>com_20.500.14352_1</setSpec><setSpec>col_20.500.14352_8</setSpec></header><metadata><record xmlns="http://www.loc.gov/MARC21/slim" xmlns:dcterms="http://purl.org/dc/terms/" xmlns:xsi="http://www.w3.org/2001/XMLSchema-instance" xmlns:doc="http://www.lyncode.com/xoai" xsi:schemaLocation="http://www.loc.gov/MARC21/slim http://www.loc.gov/standards/marcxml/schema/MARC21slim.xsd">
   <leader>00925njm 22002777a 4500</leader>
   <datafield ind2=" " ind1=" " tag="042">
      <subfield code="a">dc</subfield>
   </datafield>
   <datafield ind2=" " ind1=" " tag="720">
      <subfield code="a">Martínez Ciriza, Íñigo</subfield>
      <subfield code="e">author</subfield>
   </datafield>
   <datafield ind2=" " ind1=" " tag="260">
      <subfield code="c">2024</subfield>
   </datafield>
   <datafield ind2=" " ind1=" " tag="520">
      <subfield code="a">La Física de Astropartículas está experimentando en los últimos años un rápido crecimiento en el tamaño y complejidad de los datos registrados. Por ello, las técnicas de aprendizaje automático se están utilizando cada vez más frecuentemente con el fin de analizar y extraer conclusiones de la ingente cantidad de datos obtenidos. En este trabajo se aplican algunas de las técnicas de aprendizaje automático a datos reales y simulados recogidos por un telescopio prototipo de CTA (Cherenkov Telescope Array), el LST-1. A partir del uso de estas técnicas se estudia su eficiencia a la hora de distinguir sucesos creados por hadrones o rayos gamma. También se estudian las diferencias entre los sucesos simulados y los reales, para analizar cómo se pueden mejorar las simulaciones y encontrar así las debilidades de los modelos.</subfield>
   </datafield>
   <datafield ind2=" " ind1=" " tag="520">
      <subfield code="a">Particle Astrophysics is experiencing in the last years a rapid growth in registered data size and complexity. Machine learning techniques are being used more frequently to analyse and obtain conclusions on the enormous amount of data obtained. In this work, some machine learning techniques are applied to real and simulated data of a prototype CTA (Cherenkov Telescope Array) telescope, the LST-1. These techniques are used to study the efficiency in distinguishing events initiated by hadrons or gamma rays, and to discern differences between real and simulated events aiming to improve simulations and therefore find the model weaknesses.</subfield>
   </datafield>
   <datafield ind1="8" ind2=" " tag="024">
      <subfield code="a">https://hdl.handle.net/20.500.14352/120282</subfield>
   </datafield>
   <datafield ind2="0" ind1="0" tag="245">
      <subfield code="a">Aplicación de técnicas de aprendizaje automático en Física de Astropartículas</subfield>
   </datafield>
   <datafield ind2="0" ind1="0" tag="245">
      <subfield code="a">Application of machine learning techniques to Particle Astrophysics</subfield>
   </datafield>
</record></metadata></record></GetRecord></OAI-PMH>